[Event "41th GRE-ch Women 2018"]
[Site "Thessaloniki"]
[Date "2018.12.12"]
[Round "1"]
[White "Pavlidou, Ekaterini"]
[Black "Makka, Ioulia"]
[Result "1-0"]
[WhiteElo "2185"]
[BlackElo "2065"]
[Annotator "NA"]
[PlyCount "67"]
[EventDate "2018.12.12"]
[EventType "tourn"]
[EventCountry "GRE"]
[SourceTitle "playchess.com"]
[Source "ChessBase"]
[SourceQuality "1"]
[TimeControl "40/5400+30:1800+30"]

{[%evp 8,67,8,32767,32767,32767,32767,32767,32767,32767,32767,32767,32767,32767,32767,32767,38,32,70,-22,-20,0,18,0,0,-8,10,0,45,0,61,59,90,66,83,48,55,63,32767,32767,32767,32767,32767,32767,32767,32767,32767,167,198,32767,32767,32767,32767,32767,32767,32767,32767,32767,32767,32767,29994,29995]} 1. d4 {[%emt 0:00:00]} Nf6 {[%emt 0:00:00]} 2. c4 {[%emt 0:00:00]} e6 {[%emt 0:00:00]} 3. Nf3 {[%emt 0:00:06]} b6 {[%emt 0:00:05]} 4. a3 {[%emt 0:00:15]} Ba6 {[%emt 0:00:31]} 5. Qc2 {[%emt 0:00:12]} Bb7 {[%emt 0:03:38]} 6. Nc3 {[%emt 0:00:14]} c5 {[%emt 0:01:17]} 7. e4 {[%emt 0:00:34]} cxd4 {[%emt 0:00:47]} 8. Nxd4 {[%emt 0:00:14]} Nc6 {[%emt 0:01:10]} 9. Nxc6 {[%emt 0:00:15]} Bxc6 {[%emt 0:00:16]} 10. Bf4 {[%emt 0:01:58]} Bc5 {[%emt 0:01:26]} 11. O-O-O {[%emt 0:05:40] E12: Queen's Indian: Unusual White 4th moves, 4 a3, 4 Nc3 Bb7 5 a3 and 4 Nc3 Bb7} (11. Rd1 a5 12. Be2 O-O 13. O-O Qe7 14. e5 Nh5 15. Bxh5 Qh4 16. Bf3 Bxf3 17. gxf3 Qxf4 18. Qe4 Qg5+ {½-½ (73) Dzagnidze,N (2550)-Adams,M (2723) Caleta 2011}) 11... Nh5 {[%emt 0:07:42] LiveBook: 3 Games} 12. Bd2 {[%emt 0:12:35]} Bxf2 $146 {[%emt 0:26:04]} ({Predecessor:} 12... e5 13. Nd5 O-O 14. Bc3 Re8 15. Kb1 Nf6 16. f3 a5 17. Bd3 Rb8 18. Rhf1 d6 {½-½ (40) Kalinichev,A (2414)-Novikov,M (2500) Tula 2014}) 13. g4 {[%emt 0:03:36]} ({White should try} 13. Be2 $14 Qh4 14. g3) 13... Nf6 {[%emt 0:02:41]} 14. Be2 $1 {[%emt 0:09:18]} Bh4 {[%emt 0:15:42]} 15. g5 {[%emt 0:05:50]} Ng8 {[%emt 0:01:01]} 16. Rhg1 {[%emt 0:02:19]} Bf2 {[%emt 0:03:56]} 17. Rg2 {[%emt 0:06:25]} Bc5 {[%emt 0:01:55]} 18. h4 {[%emt 0:09:45]} a5 {[%emt 0:03:13]} 19. h5 {[%emt 0:17:05]} Qc8 {[%emt 0:05:59]} 20. Bf4 {[%emt 0:02:39]} Ne7 {[%emt 0:02:39]} 21. Rh2 {[%emt 0:03:01]} Qb7 {[%emt 0:03:15]} 22. Kb1 {[%emt 0:02:26]} f5 {[%emt 0:05:12]} 23. gxf6 {[%emt 0:04:07]} gxf6 {[%emt 0:00:16]} 24. Nd5 {[%emt 0:05:16]} exd5 {[%emt 0:05:14]} 25. exd5 {[%emt 0:00:07]} Nxd5 {[%emt 0:00:50]} 26. cxd5 {[%emt 0:00:10]} Bxd5 {[%emt 0:00:14]} 27. Bd3 {[%emt 0:01:42]} Be7 {[%emt 0:06:43]} 28. Re1 {[%emt 0:00:49]} Be6 {[%emt 0:01:33]} 29. Be4 {[%emt 0:01:09]} Bd5 {[%emt 0:00:19]} 30. Bxd5 {[%emt 0:01:02]} Qxd5 {[%emt 0:00:07]} 31. Rhe2 {[%emt 0:00:27]} O-O {[%emt 0:01:10]} 32. Rxe7 {[%emt 0:00:08]} Rf7 {[%emt 0:00:29]} 33. Rxf7 {[%emt 0:00:13]} Qxf7 {[%emt 0:00:18]} 34. Qg2+ {[%emt 0:00:08] Double Attack} 1-0

[Event "41th GRE-ch Women 2018"]
[Site "Thessaloniki"]
[Date "2018.12.12"]
[Round "1"]
[White "Markantonaki, Haritomeni"]
[Black "Skaraki, Antigoni"]
[Result "1/2-1/2"]
[WhiteElo "2152"]
[BlackElo "2012"]
[Annotator "NA"]
[PlyCount "115"]
[EventDate "2018.12.12"]
[EventType "tourn"]
[EventCountry "GRE"]
[SourceTitle "playchess.com"]
[Source "ChessBase"]
[SourceQuality "1"]
[TimeControl "40/5400+30:1800+30"]

1. e4 {[%emt 0:00:00]} c5 {[%emt 0:00:00]} 2. Nf3 {[%emt 0:00:00]} e6 {[%emt 0:00:00]} 3. d4 {[%emt 0:00:00]} cxd4 {[%emt 0:00:00]} 4. Nxd4 {[%emt 0:00:03]} Nf6 {[%emt 0:00:00]} 5. Nc3 {[%emt 0:00:25]} Nc6 {[%emt 0:00:06]} 6. Nxc6 {[%emt 0:01:55] LiveBook: 1338 Games} bxc6 {[%emt 0:00:09]} 7. e5 {[%emt 0:00:18]} Nd5 {[%emt 0:00:09]} 8. Ne4 {[%emt 0:00:28]} Qc7 {[%emt 0:00:18]} 9. f4 {[%emt 0:02:07]} Rb8 {[%emt 0:00:10] B45: Sicilian Four Knights} (9... Qb6 10. c4 Bb4+ 11. Ke2 f5 12. exf6 Nxf6 13. Be3 Qd8 14. Nd6+ Bxd6 15. Qxd6 Qe7 16. Bc5 Qf7 17. Ke3 g5 18. Be2 g4 19. Rac1 h5 20. Rc3 Qg7 21. Bd3 Kf7 22. Kd2 Re8 23. Re1 Qh6 24. Kc2 a5 25. Re5 Nh7 26. Rf5+ Kg8 27. Qe5 {1-0 (27) Vidit,S (2718)-Krasenkow,M (2671) Wijk aan Zee 2018}) 10. c4 {[%emt 0:02:08]} Bb4+ {[%emt 0:00:11]} 11. Ke2 {[%emt 0:00:08]} O-O {[%emt 0:01:02]} 12. a3 {[%emt 0:15:51]} Be7 $1 {[%emt 0:12:40]} 13. cxd5 {[%emt 0:01:01]} cxd5 {[%emt 0:00:06]} 14. Nc3 $146 {[%emt 0:02:36]} (14. Nd6 $1 $14) ({Predecessor:} 14. Nd2 f6 15. Nf3 fxe5 16. fxe5 d6 17. exd6 Qxd6 {0-1 (33) Perunovic,M (2480)-Pavlovic,M (2520) Budva 2002}) 14... f6 {[%emt 0:22:29]} 15. exf6 {[%emt 0:03:30]} Bxf6 {[%emt 0:01:10]} 16. Qd3 {[%emt 0:06:44]} Qa5 {[%emt 0:25:45]} (16... Ba6 $15 {keeps the upper hand.} 17. Qxa6 Bxc3) 17. Kf2 $2 {[%emt 0:11:35]} (17. b4 $14 {keeps the upper hand.} Rxb4 18. axb4 Qxa1 {[%mdl 64] Double Attack} 19. Bd2) 17... Qc5+ {[%emt 0:05:33]} (17... Rb3 $15 18. Qc2 Qb6+ 19. Ke1 Bb7) 18. Kg3 {[%emt 0:02:35] [#]} (18. Ke1 $1 $11) 18... Rb3 $1 {[%emt 0:16:08]} 19. Qc2 {[%emt 0:04:34] [#]} Qb6 {[%emt 0:01:38]} (19... Rxb2 $1 $17 20. Qxb2 (20. Bxb2 {is a self mate.} Qe3+ 21. Kg4 h5+ {[%mdl 64] Deflection} 22. Kxh5 Qxf4 23. h4 Be5 24. Bc1 Rf5+ 25. Qxf5 Qxf5+ 26. Bg5 g6+ 27. Kh6 Bg7#) 20... Bxc3) 20. Bd3 {[%emt 0:01:30]} h5 $2 {[%emt 0:05:01]} (20... Bb7 $1 $11 {and Black is okay.}) 21. h4 {[%emt 0:08:27]} d6 {[%emt 0:06:10]} 22. Rf1 {[%emt 0:04:07]} Ba6 {[%emt 0:00:40]} 23. Bxa6 {[%emt 0:03:41]} Qxa6 {[%emt 0:00:01]} 24. Qxb3 {[%emt 0:00:36]} Qxf1 {[%emt 0:00:03]} 25. Qd1 {[%emt 0:01:31]} Qc4 {[%emt 0:00:27]} 26. Qe2 {[%emt 0:00:43]} Bxc3 {[%emt 0:00:28]} 27. Qxe6+ {[%emt 0:04:11]} Kh8 {[%emt 0:00:00]} 28. Be3 {[%emt 0:02:28]} Bxb2 {[%emt 0:01:36]} 29. Rd1 {[%emt 0:01:48]} Bxa3 {[%emt 0:01:46]} 30. Rxd5 {[%emt 0:00:49]} Qe2 {[%emt 0:00:08]} 31. Qe7 {[%emt 0:06:21]} ({Better is} 31. Kh2 $16) 31... Qg4+ {[%emt 0:00:46]} 32. Kh2 {[%emt 0:00:39]} Rc8 {[%emt 0:00:27]} 33. Qg5 {[%emt 0:06:22]} Qxg5 34. Rxg5 {[%emt 0:00:07]} Bc5 $11 {[%emt 0:01:17]} 35. Bd2 {[%emt 0:00:07]} Rb8 {[%emt 0:00:27]} 36. Bc3 {[%emt 0:00:32]} Rb7 {[%emt 0:00:19]} 37. f5 {[%emt 0:02:01]} Kh7 {[%emt 0:00:44]} 38. Rxh5+ {[%emt 0:01:24]} Kg8 {[%emt 0:00:01]} 39. Rg5 {[%emt 0:00:13]} Kf8 {[%emt 0:00:46]} 40. h5 {[%emt 0:00:00]} Be3 {[%emt 0:00:00]} 41. Rg6 {[%emt 0:01:58]} d5 {[%emt 0:06:12]} 42. Be5 {[%emt 0:02:16]} d4 {[%emt 0:04:30]} 43. Rd6 {[%emt 0:01:05]} Rb5 {[%emt 0:02:41]} 44. h6 {[%emt 0:05:07]} Bxh6 {[%emt 0:04:19]} 45. Bg3 {[%emt 0:00:27]} Rxf5 {[%emt 0:00:56]} 46. Kh3 {[%emt 0:02:43]} Be3 {[%emt 0:05:14]} 47. Kg4 {[%emt 0:01:57]} Ra5 {[%emt 0:04:29]} 48. Kf3 {[%emt 0:01:54]} Ke7 {[%emt 0:00:46]} 49. Rg6 {[%emt 0:00:39]} Kf7 {[%emt 0:00:20]} 50. Rd6 {[%emt 0:00:18]} Ra3 {[%emt 0:01:37]} 51. Ke4 {[%emt 0:01:22]} Ra2 {[%emt 0:00:27]} 52. Kf3 {[%emt 0:02:35]} Ke7 {[%emt 0:00:35]} 53. Rd5 {[%emt 0:01:36]} a5 {[%emt 0:00:38]} 54. Be5 {[%emt 0:02:12]} Ke6 {[%emt 0:04:38]} 55. Rb5 {[%emt 0:01:16]} g6 {[%emt 0:00:27]} 56. g4 {[%emt 0:00:48]} a4 {[%emt 0:00:22]} 57. Ke4 {[%emt 0:00:57]} g5 {[%emt 0:00:28]} 58. Bxd4 {[%emt 0:01:47]} 1/2-1/2

[Event "41th GRE-ch Women 2018"]
[Site "Thessaloniki"]
[Date "2018.12.12"]
[Round "1"]
[White "Androni, Konstantina"]
[Black "Grapsa, Georgia"]
[Result "1/2-1/2"]
[WhiteElo "1912"]
[BlackElo "2097"]
[Annotator "NA"]
[PlyCount "80"]
[EventDate "2018.12.12"]
[EventType "tourn"]
[EventCountry "GRE"]
[SourceTitle "playchess.com"]
[Source "ChessBase"]
[SourceQuality "1"]
[TimeControl "40/5400+30:1800+30"]

1. d4 {[%emt 0:00:00]} Nf6 {[%emt 0:00:00]} 2. Bg5 {[%emt 0:00:00]} d5 {[%emt 0:00:01]} 3. e3 {[%emt 0:00:09]} c5 {[%emt 0:03:07]} 4. Bxf6 {[%emt 0:03:51]} gxf6 {[%emt 0:01:38]} 5. dxc5 {[%emt 0:09:35]} e6 {[%emt 0:12:30]} 6. c4 {[%emt 0:01:14] LiveBook: 76 Games D00: 1 d4 d5: Unusual lines} (6. Nf3 Bxc5 7. Be2 Nc6 8. O-O O-O 9. c4 dxc4 10. Qa4 Qe7 11. Qxc4 b6 12. Nc3 Bb7 13. Qh4 Nb4 14. Rfd1 Rfd8 15. a3 Nd5 16. Nxd5 Rxd5 17. b4 Bd6 18. e4 Rxd1+ 19. Rxd1 Kg7 20. e5 {½-½ (20) Shimanov,A (2626)-Lenderman,A (2626) Saint Louis 2018}) 6... Qa5+ {[%emt 0:10:03]} 7. Nc3 {[%emt 0:02:38]} dxc4 {[%emt 0:01:38]} 8. Bxc4 {[%emt 0:02:06]} Nc6 {[%emt 0:05:23]} 9. Nf3 {[%emt 0:03:09]} Qxc5 {[%emt 0:11:31]} 10. Qe2 $146 {[%emt 0:05:02]} ({Predecessor:} 10. Bb3 Rg8 11. O-O Qh5 12. Ne4 Qg6 13. Ng3 {1-0 (33) Turon,J (1466)-Taffijn,A (1819) LSS email 2009}) 10... Bd7 {[%emt 0:02:13]} 11. O-O {[%emt 0:03:09]} Be7 {[%emt 0:10:20]} 12. Rfd1 {[%emt 0:08:17]} Rd8 {[%emt 0:03:49]} 13. Ne4 {[%emt 0:05:55]} Qb6 {[%emt 0:08:53]} 14. Nd6+ {[%emt 0:15:08]} Kf8 {[%emt 0:01:22]} 15. Rd2 {[%emt 0:11:00]} Na5 {[%emt 0:04:21]} 16. Ne4 {[%emt 0:05:58]} Nxc4 {[%emt 0:02:30]} 17. Qxc4 {[%emt 0:00:06]} Bc6 {[%emt 0:02:00]} 18. Rxd8+ {[%emt 0:03:07]} Qxd8 {[%emt 0:00:32]} 19. Nc3 {[%emt 0:01:26]} Rg8 {[%emt 0:01:20]} 20. e4 {[%emt 0:02:09]} Qb6 {[%emt 0:02:42]} 21. Qe2 {[%emt 0:07:28]} Bb4 {[%emt 0:04:08]} 22. Rd1 {[%emt 0:00:53]} Bxc3 {[%emt 0:00:26]} 23. bxc3 {[%emt 0:00:01]} Ke7 {[%emt 0:00:43]} 24. Nd4 {[%emt 0:01:07]} Qc5 25. Qe3 {[%emt 0:03:11]} b6 {[%emt 0:01:51]} 26. g3 {[%emt 0:02:14]} Rc8 {[%emt 0:02:50]} 27. Nxc6+ {[%emt 0:01:45]} Rxc6 {[%emt 0:01:45]} 28. Qd3 {[%emt 0:00:25]} Rd6 {[%emt 0:02:50]} 29. Qc2 {[%emt 0:02:46]} Rxd1+ {[%emt 0:00:18]} 30. Qxd1 {[%emt 0:00:01]} Qxc3 {[%emt 0:00:14]} 31. Qa4 {[%emt 0:00:24] [#]} a5 $1 {[%emt 0:00:40]} 32. Kg2 {[%emt 0:01:07]} Qc5 $17 {[%emt 0:01:33]} 33. h4 {[%emt 0:00:24]} h5 {[%emt 0:01:13]} 34. Kg1 {[%emt 0:00:23]} Qc1+ {[%emt 0:01:23]} 35. Kg2 {[%emt 0:00:06]} Qc5 {[%emt 0:00:43]} 36. Kg1 {[%emt 0:00:04]} Kd6 {[%emt 0:00:23]} 37. Qe8 {[%emt 0:00:29]} Qc7 {[%emt 0:01:05]} 38. Qh8 {[%emt 0:00:18]} Qc1+ {[%emt 0:00:06]} 39. Kg2 {[%emt 0:00:12]} Qc5 {[%emt 0:00:40]} 40. Qxf6 {[%emt 0:00:00]} Qc7 1/2-1/2

[Event "41th GRE-ch Women 2018"]
[Site "Thessaloniki"]
[Date "2018.12.12"]
[Round "1"]
[White "Tsivelekidou, Evgenia"]
[Black "Nikolaidou, Eleni"]
[Result "1-0"]
[WhiteElo "1861"]
[BlackElo "1707"]
[Annotator "NA"]
[PlyCount "45"]
[EventDate "2018.12.12"]
[EventType "tourn"]
[EventCountry "GRE"]
[SourceTitle "playchess.com"]
[Source "ChessBase"]
[SourceQuality "1"]
[TimeControl "40/5400+30:1800+30"]

{[%evp 17,32,158,230,259,250,295,303,32767,250,198,221,179,173,181,167,190,225]} 1. d4 {[%emt 0:00:00]} Nf6 {[%emt 0:00:00]} 2. Nf3 {[%emt 0:00:00]} e6 {[%emt 0:00:00]} 3. Bg5 {[%emt 0:00:00]} h6 {[%emt 0:01:17]} 4. Bxf6 {[%emt 0:00:08]} Qxf6 {[%emt 0:00:13]} 5. e4 {[%emt 0:00:08]} c5 {[%emt 0:02:52]} 6. e5 {[%emt 0:00:41]} Qd8 {[%emt 0:00:24]} 7. d5 {[%emt 0:04:25]} exd5 {[%emt 0:00:48]} 8. Qxd5 {[%emt 0:00:22]} d6 {[%emt 0:04:57]} 9. Bb5+ {[%emt 0:11:59]} Bd7 {[%emt 0:26:57]} (9... Nc6 $16 {is a better defense.}) 10. Qxb7 {[%emt 0:03:59]} Bxb5 {[%emt 0:03:53]} 11. Qxa8 {[%emt 0:13:44]} ({Much less strong is} 11. Qxb5+ $6 Nd7 $18) 11... d5 {[%emt 0:28:04]} 12. Nbd2 {[%emt 0:13:15]} Be7 {[%emt 0:03:20]} 13. c4 {[%emt 0:11:06]} dxc4 {[%emt 0:12:25]} 14. O-O {[%emt 0:07:55]} c3 {[%emt 0:00:34]} 15. bxc3 {[%emt 0:00:48]} Bxf1 {[%emt 0:00:11]} 16. Rxf1 {[%emt 0:01:20]} Qc7 $18 {[%emt 0:04:58]} 17. Rb1 {[%emt 0:02:24]} O-O {[%emt 0:02:30]} 18. Rb7 {[%emt 0:02:02]} Qd8 {[%emt 0:01:24]} 19. Qxa7 {[%emt 0:03:48]} Nc6 {[%emt 0:02:30]} 20. Qb6 {[%emt 0:02:20]} Nxe5 {[%emt 0:01:29]} 21. Qxd8 {[%emt 0:01:56]} Nxf3+ {[%emt 0:00:10]} 22. Nxf3 {[%emt 0:01:29]} Rxd8 {[%emt 0:00:18]} 23. Rxe7 {[%emt 0:00:41]} 1-0

[Event "41th GRE-ch Women 2018"]
[Site "Thessaloniki"]
[Date "2018.12.12"]
[Round "1"]
[White "Petraki, Evaggelia"]
[Black "Fragkou, Eleni"]
[Result "0-1"]
[WhiteElo "1756"]
[BlackElo "2031"]
[Annotator "NA"]
[PlyCount "90"]
[EventDate "2018.12.12"]
[EventType "tourn"]
[EventCountry "GRE"]
[SourceTitle "playchess.com"]
[Source "ChessBase"]
[SourceQuality "1"]
[TimeControl "40/5400+30:1800+30"]

1. e4 {[%emt 0:00:00]} c5 {[%emt 0:00:00]} 2. Nf3 {[%emt 0:00:00]} d6 {[%emt 0:00:00]} 3. d4 {[%emt 0:00:00]} cxd4 {[%emt 0:00:01]} 4. Nxd4 {[%emt 0:00:00]} Nf6 {[%emt 0:00:10]} 5. Nc3 {[%emt 0:00:00]} a6 {[%emt 0:00:08]} 6. Be2 {[%emt 0:00:00]} e5 {[%emt 0:00:23]} 7. Nf3 {[%emt 0:00:03]} h6 {[%emt 0:00:19]} 8. a4 {[%emt 0:00:46] LiveBook: 20 Games} Be6 {[%emt 0:01:16] B92: Sicilian Najdorf: 6 Be2} 9. O-O {[%emt 0:02:20]} Be7 {[%emt 0:00:19]} 10. Nd2 {[%emt 0:04:07]} Qc7 {[%emt 0:04:56]} 11. Bd3 $146 {[%emt 0:06:15]} ({Predecessor:} 11. Bf3 O-O 12. Re1 Nc6 13. Nf1 Nb4 14. Ne3 Rac8 15. Re2 Rfe8 16. Rd2 Bf8 17. g3 g6 18. Bg2 Red8 19. Ra3 Qa5 20. Ra1 Qc7 21. Ra3 Qa5 22. Ra1 Qc7 23. Ra3 Qa5 {½-½ (23) Steinberg,N (2512)-Hemant,S (2348) Caleta 2018}) 11... O-O {[%emt 0:01:18]} 12. Re1 {[%emt 0:03:44]} Nc6 {[%emt 0:42:02]} 13. Nf1 {[%emt 0:17:12]} Nb4 {[%emt 0:20:33]} 14. Ne3 {[%emt 0:04:44]} Rad8 {[%emt 0:12:32]} 15. Qe2 {[%emt 0:04:24]} Rfe8 {[%emt 0:07:11]} 16. Bd2 {[%emt 0:12:17]} Qc6 {[%emt 0:03:42]} 17. Rac1 {[%emt 0:05:42]} Kh8 {[%emt 0:02:07]} 18. Red1 {[%emt 0:07:32]} Bf8 {[%emt 0:00:39]} 19. Be1 {[%emt 0:05:26]} d5 {[%emt 0:00:50]} 20. exd5 {[%emt 0:00:04]} Nfxd5 {[%emt 0:00:28]} 21. Ncxd5 Nxd5 {[%emt 0:00:38]} 22. Qf3 {[%emt 0:15:30]} Nxe3 {[%emt 0:00:51]} 23. Qxc6 {[%emt 0:04:57]} bxc6 {[%emt 0:00:06]} 24. fxe3 {[%emt 0:00:04] [#]} Bg4 $1 {[%emt 0:00:18]} 25. Rd2 {[%emt 0:00:07]} Bc5 {[%emt 0:00:20]} 26. Kf2 $1 {[%emt 0:00:40]} a5 $2 {[%emt 0:01:16] [#]} (26... Rd6 $15) 27. h3 {[%emt 0:01:57]} (27. Be2 $1 $16 Rxd2 28. Bxd2 Bxe2 29. Kxe2) 27... Be6 {[%emt 0:00:25]} 28. Be4 $11 {[%emt 0:04:04]} ({Better is} 28. Rdd1) 28... Rc8 {[%emt 0:00:08]} 29. Rdd1 {[%emt 0:01:09]} f5 {[%emt 0:00:07]} 30. Bf3 {[%emt 0:00:33]} f4 {[%emt 0:01:08]} 31. Bd2 {[%emt 0:00:03]} Red8 {[%emt 0:00:34]} 32. b3 {[%emt 0:01:36]} Rxd2+ {[%emt 0:00:25]} 33. Ke1 {[%emt 0:00:07]} Rxd1+ {[%emt 0:00:00]} 34. Rxd1 {[%emt 0:00:09]} fxe3 {[%emt 0:00:00]} 35. Ke2 {[%emt 0:00:19]} g5 {[%emt 0:00:19]} 36. Rd3 {[%emt 0:01:20]} Bf5 {[%emt 0:00:34]} 37. Rc3 {[%emt 0:00:10]} Bd4 {[%emt 0:00:21]} 38. Rc4 {[%emt 0:00:40]} Kg7 {[%emt 0:01:46]} 39. c3 {[%emt 0:00:56]} Be6 {[%emt 0:00:40]} 40. cxd4 {[%emt 0:00:00]} Bxc4+ {[%emt 0:00:00]} 41. bxc4 {[%emt 0:00:32]} exd4 {[%emt 0:00:20]} 42. Kd3 {[%emt 0:01:16]} c5 {[%emt 0:00:12]} 43. Bd1 {[%emt 0:02:23]} Rb8 {[%emt 0:00:26]} 44. Bc2 {[%emt 0:00:44]} Rb2 {[%emt 0:00:12]} 45. g3 {[%emt 0:00:06]} Kf6 {[%emt 0:00:39] Kxd4 Ke5+} 0-1

[Event "41th GRE-ch Women 2018"]
[Site "Thessaloniki"]
[Date "2018.12.13"]
[Round "2"]
[White "Markantonaki, Haritomeni"]
[Black "Pavlidou, Ekaterini"]
[Result "1/2-1/2"]
[WhiteElo "2152"]
[BlackElo "2185"]
[Annotator "TA"]
[PlyCount "97"]
[EventDate "2018.12.12"]
[EventType "tourn"]
[EventCountry "GRE"]
[SourceTitle "playchess.com"]
[Source "ChessBase"]
[SourceQuality "1"]

{[%evp 26,97,0,0,30,37,98,93,88,29,88,101,102,82,222,211,217,202,256,258,261,231,227,227,239,207,208,151,214,213,202,214,207,207,229,210,211,194,200,204,356,346,382,364,386,376,355,300,372,370,298,131,144,0,92,0,0,0,0,0,0,0,0,0,0,0,0,0,0,0,0,0,0,0]} 1. e4 e5 2. Nf3 Nc6 3. Bb5 a6 4. Ba4 Nf6 5. O-O Be7 6. Re1 b5 7. Bb3 O-O 8. d4 d6 9. c3 Bg4 10. d5 Na5 11. Bc2 c6 12. h3 Bh5 13. dxc6 Nxc6 14. Nbd2 {[%cal Bb1d2,Bd2f1,Bf1g3,Bg3f5][%mdl 32] LiveBook: 15 Games} Qd7 {C91: Closed Ruy Lopez: 7...d6 8 c3 0-0 9 d4} 15. Nf1 {[#]} Bd8 $146 (15... Rfd8 $14) ({Predecessor:} 15... Bg6 16. Nh4 Rfd8 17. Nxg6 hxg6 {½-½ (71) McShane,L (2696)-Tazbir,M (2555) Warsaw 2013}) 16. Ng3 $16 Bg6 {White is better.} 17. a4 ({Better is} 17. Nh4 $16) 17... Bb6 (17... b4 $11 {remains equal.}) 18. Bg5 Nh5 {[#] White must now prevent ...Nxg3.} 19. Nf5 f6 (19... h6 $16 {is a better defense.} 20. Bh4 f6) 20. Be3 $18 Bxe3 21. fxe3 (21. Nxe3 b4 $16) 21... Bxf5 22. exf5 d5 23. g4 e4 (23... Ng3 $6 24. Kf2) 24. Bxe4 (24. gxh5 exf3 25. Qxf3 Ne5 $14) 24... Rad8 25. Bc2 ({Less strong is} 25. gxh5 dxe4 26. Qxd7 Rxd7 $16) 25... Ng3 26. Kg2 Qc7 (26... Ne4 $16 27. axb5 axb5) 27. axb5 axb5 28. Nd4 Ne4 29. Bxe4 $1 dxe4 30. Qb3+ Kh8 31. Qxb5 Rb8 {aiming for ...Nxd4.} 32. Qe2 ({Wrong is} 32. Qxc6 $2 Rxb2+ 33. Kf1 Qh2 $19) 32... Ne5 $2 (32... Nxd4 {might work better.} 33. cxd4 Qb7) 33. Ne6 $1 {[%csl LRc7,LRf8][%mdl 64] [#] Double Attack} Qb7 34. Nxf8 Rxf8 35. b4 Qc7 36. c4 {[%cal Bc3c4,Bc4c5][%mdl 32]} h5 37. c5 Nf3 38. Rh1 (38. Kh1 $18) 38... h4 $16 39. Rad1 (39. Qf2 $142) 39... Rb8 40. Rd6 (40. b5 $16) 40... Rxb4 $11 {The position is equal.} 41. Rhd1 {And now Kh1 would win.} Qxc5 42. Rd8+ Kh7 {Hoping for ...Qe5.} 43. Qa2 $1 {[%cal Ra2g8]} Rc4 44. Rc1 Qc7 ({Not} 44... Rxc1 45. Qg8+ Kh6 46. Qh8+ Kg5 47. Qxg7#) 45. Qxc4 {Qg8+ would kill now.} Qxd8 46. Qe2 Qd6 {( -> ...Qh2+)} 47. Kh1 Qg3 48. Qg2 {Strongly threatening Qxg3.} Qd6 49. g5 {Accuracy: White = 57%, Black = 56%.} 1/2-1/2

[Event "41th GRE-ch Women 2018"]
[Site "Thessaloniki"]
[Date "2018.12.13"]
[Round "2"]
[White "Grapsa, Georgia"]
[Black "Tsivelekidou, Evgenia"]
[Result "1/2-1/2"]
[WhiteElo "2097"]
[BlackElo "1861"]
[Annotator "NA"]
[PlyCount "91"]
[EventDate "2018.12.12"]
[EventType "tourn"]
[EventCountry "GRE"]
[SourceTitle "playchess.com"]
[Source "ChessBase"]
[SourceQuality "1"]
[TimeControl "40/5400+30:1800+30"]

1. d4 {[%emt 0:00:00]} Nf6 {[%emt 0:00:00]} 2. c4 {[%emt 0:00:00]} e6 {[%emt 0:00:00]} 3. g3 {[%emt 0:01:14]} Bb4+ {[%emt 0:00:00]} 4. Nd2 {[%emt 0:00:07]} O-O {[%emt 0:00:50]} 5. a3 {[%emt 0:00:21]} Be7 {[%emt 0:00:40]} 6. Bg2 {[%emt 0:02:41]} d5 {[%emt 0:01:04]} 7. Ngf3 {[%emt 0:00:14]} b6 {[%emt 0:02:12]} 8. O-O {[%emt 0:01:00]} Bb7 {[%emt 0:01:14]} 9. Ne5 {[%emt 0:04:06]} Nbd7 {[%emt 0:03:49]} 10. cxd5 {[%emt 0:00:43]} exd5 {[%emt 0:01:41]} 11. Qc2 {[%emt 0:08:01]} Nxe5 {[%emt 0:04:56]} ({Better is} 11... c5 $15) 12. dxe5 {[%emt 0:00:05]} Nd7 {[%emt 0:00:19]} 13. Nf3 {[%emt 0:02:36]} c5 {[%emt 0:04:20]} 14. h4 $11 {[%emt 0:02:10]} Re8 {[%emt 0:13:43]} 15. Rd1 {[%emt 0:20:05]} Qc8 {[%emt 0:17:45]} 16. Bh3 {[%emt 0:01:49]} Qc6 {[%emt 0:04:10]} 17. Bf4 {[%emt 0:14:53]} Nf8 {[%emt 0:07:24]} 18. Bg2 {[%emt 0:05:48]} d4 {[%emt 0:06:12]} 19. Rac1 {[%emt 0:09:21]} a5 {[%emt 0:03:11]} 20. Rxd4 {[%emt 0:05:36]} cxd4 {[%emt 0:04:49]} 21. Qxc6 {[%emt 0:00:17]} Bxc6 {[%emt 0:00:02]} 22. Rxc6 Ne6 {[%emt 0:02:27]} 23. Bd2 {[%emt 0:03:50]} Rab8 {[%emt 0:01:27]} 24. Bh3 {[%emt 0:00:55]} Bf8 {[%emt 0:04:40]} 25. Bxe6 {[%emt 0:05:33]} Rxe6 {[%emt 0:00:21]} 26. Rc4 {[%emt 0:00:54]} Rd8 {[%emt 0:06:58]} 27. a4 {[%emt 0:06:38]} h6 {[%emt 0:04:53]} 28. Nxd4 {[%emt 0:01:49]} Rxe5 {[%emt 0:00:58]} 29. Nc6 Rxe2 {[%emt 0:01:26]} 30. Nxd8 {[%emt 0:01:47]} Rxd2 {[%emt 0:00:17]} 31. Rc8 {[%emt 0:00:07]} g6 {[%emt 0:01:31]} 32. Nc6 {[%emt 0:01:32]} Kg7 {[%emt 0:00:42]} 33. Ne5 {[%emt 0:01:47]} Bc5 {[%emt 0:01:49]} 34. Nc4 {[%emt 0:00:05]} Re2 {[%emt 0:00:26]} 35. Nxa5 {[%emt 0:00:37]} Bxf2+ {[%emt 0:00:34]} 36. Kf1 {[%emt 0:00:11]} Rxb2 {[%emt 0:00:21]} 37. Nc4 {[%emt 0:00:13]} Ra2 {[%emt 0:00:23]} 38. h5 {[%emt 0:01:15]} Bd4 {[%emt 0:00:41]} 39. hxg6 {[%emt 0:00:17]} Kxg6 {[%emt 0:00:12]} 40. Rc6+ {[%emt 0:00:00]} Kg5 {[%emt 0:00:00]} 41. Nxb6 {[%emt 0:00:59]} Bxb6 {[%emt 0:01:18]} 42. Rxb6 {[%emt 0:00:07]} Rxa4 {[%emt 0:00:05]} 43. Kg2 {[%emt 0:00:37]} Kg4 {[%emt 0:09:22]} 44. Rxh6 {[%emt 0:00:28]} Ra2+ {[%emt 0:00:06]} 45. Kf1 {[%emt 0:00:04]} f5 {[%emt 0:03:44]} 46. Rf6 {[%emt 0:00:27]} 1/2-1/2